000 00477nam a2200181Ia 4500
001 16945
005 20260306170348.0
008 260306t2013||||xx |||||||||||||| ||und||
041 _aESP
082 _a657.3
_bR78F
100 _aRojas Cataño, María de Lourdes
_eAUT
245 0 _aFundamentos de análisis de estados financieros:
_blibro del alumno
260 _c2013
300 _a167 páginas :
_c27 cm.
650 _aGEN
654 _aCCO
942 _cLIB
_dJUS
_fJUS
_2ddc
_n
999 _c16945
_d16945